[Event "Stay Safe Play From Home 347"]
[Site "Emanuel Lasker Arena"]
[Date "2020.07.31"]
[Round "5"]
[White "Klasman"]
[Black "Justwatch"]
[Result "0-1"]
[WhiteElo "1315"]
[BlackElo "1588"]
[Annotator "NA"]
[PlyCount "52"]
[EventDate "2020.07.31"]
[EventType "swiss (blitz)"]

1. f4 {[%emt 0:00:01]} Nf6 {[%emt 0:00:03]} 2. Nf3 {[%emt 0:00:01]} d6 {[%emt 0:00:00]} 3. e3 {[%emt 0:00:01]} Nc6 {[%emt 0:00:00]} 4. d4 {[%emt 0:00:01]} Bg4 {[%emt 0:00:00]} 5. d5 {[%emt 0:00:02]} Bxf3 {[%emt 0:00:00]} 6. Qxf3 {[%emt 0:00:02]} Nb8 {[%emt 0:00:00]} 7. c4 {[%emt 0:00:02]} Nbd7 {[%emt 0:00:00]} 8. Nc3 {[%emt 0:00:03]} Nc5 {[%emt 0:00:00]} 9. Bd2 {[%emt 0:00:04]} Na6 {[%emt 0:00:00]} 10. Bd3 {[%emt 0:00:02]} Nb8 {[%emt 0:00:00]} 11. O-O {[%emt 0:00:02]} Nbd7 {[%emt 0:00:00]} 12. e4 {[%emt 0:00:01]} Nc5 {[%emt 0:00:00]} 13. e5 {[%emt 0:00:03]} Nxd3 {[%emt 0:00:01]} 14. exf6 {[%emt 0:00:04]} exf6 {[%emt 0:00:01]} 15. Qxd3 {[%emt 0:00:01]} Be7 {[%emt 0:00:01]} 16. Rae1 {[%emt 0:00:02]} O-O {[%emt 0:00:01]} 17. Qf3 {[%emt 0:00:02]} g6 {[%emt 0:00:01]} 18. Re4 {[%emt 0:00:03]} f5 {[%emt 0:00:00]} 19. Re2 {[%emt 0:00:02]} Bf6 {[%emt 0:00:00]} 20. Rfe1 {[%emt 0:00:02]} Qd7 {[%emt 0:00:00]} 21. g4 {[%emt 0:00:02]} Bd4+ {[%emt 0:00:00]} 22. Kh1 {[%emt 0:00:02]} Bg7 {[%emt 0:00:00]} 23. gxf5 {[%emt 0:00:02]} Qxf5 {[%emt 0:00:00]} 24. Ne4 {[%emt 0:00:02]} Rae8 {[%emt 0:00:01]} 25. Ng5 {[%emt 0:00:02]} Rxe2 {[%emt 0:00:02]} 26. Rxe2 {[%emt 0:00:01]} Bh6 {[%emt 0:00:00] Time (Lag: Av=0.47s, max=0.7s)} 0-1

[Event "Stay Safe Play From Home 347"]
[Site "Emanuel Lasker Arena"]
[Date "2020.07.31"]
[Round "6"]
[White "NTBT_DHS"]
[Black "Trotsky"]
[Result "1-0"]
[WhiteElo "2611"]
[BlackElo "1628"]
[Annotator "TA"]
[PlyCount "49"]
[EventDate "2020.07.31"]
[EventType "swiss (blitz)"]

{[%evp 9,48,-8,79,76,139,133,278,125,558,565,643,640,650,637,748,694,1434,1418,1391,1338,1629,1645,1646,1620,1893,1733,1720,1584,1996,1853,1740,1573,2142,2122,29990,29990,29989,29990,29993,29994,29999]} 1. e4 c5 2. Nf3 e6 3. Nc3 d5 4. d4 c4 {[#]} 5. b3 $146 ({Predecessor:} 5. e5 Nc6 6. Be2 f6 7. O-O fxe5 8. dxe5 g6 9. Nb5 a6 10. Nbd4 Bg7 11. Ng5 Nxd4 12. Qxd4 {0-1 (21) Vrashank,C (1543)-Bharat,K (2304) Udaipur 2019}) 5... Nc6 (5... Bb4 $11 {remains equal.} 6. Bd2 Qa5) 6. bxc4 {C10: French with 3 Nc3: Unusual Black 3rd moves and 3...dxe4.} a6 ({Black should try} 6... Bb4 7. Bd2 Nf6) 7. cxd5 $16 exd5 (7... Bb4 $16 {keeps fighting.}) 8. exd5 (8. Nxd5 $18 {and the rest is easy. And now c4 would win.} Nf6 9. Nxf6+ Qxf6 10. c3) 8... Bd6 $2 {[%mdl 8192] [#]} (8... Bb4 $16 {is tougher.}) 9. dxc6 $18 Qc7 10. Bd3 bxc6 11. O-O Be6 12. Re1 O-O-O 13. Bxa6+ Kd7 14. Rb1 Nf6 15. Rb7 Qxb7 16. Bxb7 Ng4 17. Ne5+ Kc7 18. Nxg4 h5 19. Ne5 Kxb7 20. Nd3 g5 21. Ne4 Bd5 22. Ndc5+ {White mates.} Kc7 23. Nxd6 Kxd6 24. Bxg5 {[%cal Rg5f4]} Rdf8 25. Bf4# {White took control after the opening.} 1-0

[Event "Stay Safe Play From Home 347"]
[Site "Emanuel Lasker Arena"]
[Date "2020.07.31"]
[Round "6"]
[White "AChessPlayer"]
[Black "Nuktotitakoi"]
[Result "0-1"]
[WhiteElo "2442"]
[BlackElo "2274"]
[Annotator "TA"]
[PlyCount "66"]
[EventDate "2020.07.31"]
[EventType "swiss (blitz)"]

{[%evp 11,66,2,0,-11,-11,-24,-25,-46,-19,-25,3,0,6,-6,31,-15,-17,-15,-17,-65,-32,-137,-18,-100,-66,-346,-307,-291,-271,-510,-510,-494,-507,-521,-480,-809,-795,-1181,-1199,-1102,-1061,-972,-890,-912,-892,-1594,-1554,-3016,-2560,-29990,-29991,-29991,-29992,-29996,-29997,-29997,-29998]} 1. Nf3 d6 2. g3 Nf6 3. Bg2 g6 4. O-O Bg7 5. d3 O-O 6. e4 c5 7. Be3 {A05: Réti Opening: 1 Nf3 Nf6.} Nc6 8. h3 Rb8 9. Qd2 {[#] Black has an edge.} Re8 $146 ({Predecessor:} 9... Qa5 10. Nc3 e5 11. a3 Nd4 12. Nh4 Nh5 13. b4 Qd8 14. Nd5 Be6 15. Rab1 Bxd5 16. exd5 {1-0 (36) Traub,I (2125)-Wong,R (2200) San Francisco 2013}) 10. Bh6 Bh8 11. Nc3 b5 {[%cal Bb7b5,Bb5b4][%mdl 32]} 12. Ne2 b4 13. g4 Nd7 14. Rab1 a5 15. Ng3 Ba6 16. Nh2 {[#]} ({Better is} 16. c4 $15) 16... Nd4 (16... c4 $1 $17 {Threatens to win with ...cxd3.} 17. b3 Bc3) 17. f4 (17. c3 $11 {keeps the balance.} Nc6 18. Ne2) 17... c4 {White must now prevent ...cxd3.} 18. g5 $2 {[%mdl 8192] Now White is beyond hope.} (18. c3 $15 Nc5 19. Kh1 (19. cxd4 Bxd4+ 20. Kh1 c3 $17)) 18... cxd3 $19 19. cxd3 Rc8 20. Rbc1 $2 (20. Ng4) 20... Qb6 {( -> ...Ne2+!)} 21. Kh1 Nc5 22. f5 Nxd3 {[%mdl 64] [#] Discovered Attack} 23. fxg6 (23. Rxc8 $142 Rxc8 24. f6) 23... hxg6 24. Ng4 Nxc1 25. Rxc1 Rxc1+ 26. Qxc1 Ne2 27. Nxe2 Bxe2 28. Qf4 Bxg4 29. hxg4 Qd4 30. Bf3 Be5 {Black mates.} 31. Qc1 Qf2 {[%csl Ge5][%cal Rf2h2]} 32. Bg2 Qh4+ {[%mdl 64] Double Attack} 33. Kg1 Bd4+ {Accuracy: White = 33%, Black = 76%.} 0-1

[Event "Stay Safe Play From Home 347"]
[Site "Emanuel Lasker Arena"]
[Date "2020.07.31"]
[Round "6"]
[White "Mepe_Nika"]
[Black "SelamiSahin"]
[Result "1-0"]
[WhiteElo "2374"]
[BlackElo "2161"]
[Annotator "TA"]
[PlyCount "33"]
[EventDate "2020.07.31"]
[EventType "swiss (blitz)"]

{[%evp 9,33,-81,-75,-115,-56,-68,-63,-102,117,-76,-52,-169,-175,-287,-299,-326,-326,-317,-310,-332,-296,-234,-11,0,29998,29999]} 1. d4 Nf6 2. Bf4 g6 3. e4 {[#]} Nxe4 $146 ({Predecessor:} 3... Bg7 4. h3 O-O 5. Be2 d6 6. Nd2 Nbd7 7. Ngf3 c5 8. c4 b6 9. O-O Bb7 10. Re1 Rc8 11. Rc1 Nxe4 12. Nxe4 Bxe4 13. Ng5 Bb7 14. Bg4 h6 15. Nf3 f5 16. Nh4 {1-0 (16) De Barros Jr,P-Nobre,J (1603) Recife 2019}) 4. Bd3 Nf6 5. Nd2 Bg7 6. h4 {A45: Trompowsky Attack.} h5 (6... Nc6 $17 7. c3 d6) 7. Ngf3 $15 d6 8. Ng5 {Black is slightly better.} Nbd7 $2 {[#]} (8... O-O $17 {stays on course.} 9. Ndf3 Nc6) 9. Qe2 $2 (9. Bxg6 $1 $16 {[%mdl 512]} O-O (9... fxg6 10. Ne6) 10. Bxh5) 9... O-O 10. O-O-O {[#]} ({White should try} 10. Bxg6 $1 $15 fxg6 11. Ne6 {[%mdl 64] Double Attack}) 10... c5 $1 $19 11. f3 (11. Rhe1 $142) 11... cxd4 12. g4 Nc5 13. Nde4 Nxd3+ ({Resist} 13... hxg4 14. Nxf6+ exf6 15. Ne4 $19) 14. Qxd3 hxg4 15. h5 {[#] aiming for h6.} Nxh5 $2 {[#]} ({Better is} 15... Nxe4 $1 $19 16. Nxe4 d5 17. Nf6+ exf6) 16. Rxh5 $1 $11 {[%mdl 576] Threatens to win with Rh7. Remove Defender} gxh5 $4 {[%mdl 8192] [#]} (16... e5 $11 17. Bd2 d5) 17. Nf6+ $1 {[%mdl 512] Never resign too early! Accuracy: White = 31%, Black = 40%.} 1-0

[Event "Stay Safe Play From Home 347"]
[Site "Emanuel Lasker Arena"]
[Date "2020.07.31"]
[Round "6"]
[White "Stefanone"]
[Black "TheCHESSHOUSE"]
[Result "0-1"]
[WhiteElo "2039"]
[BlackElo "2115"]
[PlyCount "136"]
[EventDate "2020.07.31"]
[EventType "swiss (blitz)"]

1. d4 {[%emt 0:00:01]} Nf6 {[%emt 0:00:01]} 2. e3 {[%emt 0:00:00]} g6 {[%emt 0:00:00]} 3. f4 {[%emt 0:00:00]} Bg7 {[%emt 0:00:00]} 4. Nf3 {[%emt 0:00:00]} d6 {[%emt 0:00:00]} 5. Bd3 {[%emt 0:00:01]} O-O {[%emt 0:00:00]} 6. Qe2 {[%emt 0:00:00]} c5 {[%emt 0:00:00]} 7. e4 {[%emt 0:00:01]} Nc6 {[%emt 0:00:01]} 8. d5 {[%emt 0:00:01]} Nb4 {[%emt 0:00:02]} 9. c4 {[%emt 0:00:01]} a6 {[%emt 0:00:02]} 10. O-O {[%emt 0:00:01]} b5 {[%emt 0:00:01]} 11. Nc3 {[%emt 0:00:02]} Nxd3 {[%emt 0:00:02]} 12. Qxd3 {[%emt 0:00:01]} Rb8 {[%emt 0:00:00]} 13. Rb1 {[%emt 0:00:02]} bxc4 {[%emt 0:00:01]} 14. Qe2 {[%emt 0:00:01]} Qa5 {[%emt 0:00:03]} 15. Bd2 {[%emt 0:00:02]} Qc7 {[%emt 0:00:02]} 16. e5 {[%emt 0:00:01]} Ne8 {[%emt 0:00:04]} 17. Ng5 {[%emt 0:00:02]} Bf5 {[%emt 0:00:02]} 18. g4 {[%emt 0:00:01]} Bxb1 {[%emt 0:00:01]} 19. Rxb1 {[%emt 0:00:01]} h6 {[%emt 0:00:00]} 20. Nf3 {[%emt 0:00:01]} dxe5 {[%emt 0:00:01]} 21. fxe5 {[%emt 0:00:00]} Qd7 {[%emt 0:00:04]} 22. e6 {[%emt 0:00:01]} fxe6 {[%emt 0:00:02]} 23. dxe6 {[%emt 0:00:00]} Qc7 {[%emt 0:00:01]} 24. Qe4 {[%emt 0:00:01]} Kh7 {[%emt 0:00:02]} 25. Nd5 {[%emt 0:00:01]} Nf6 {[%emt 0:00:02]} 26. Nxf6+ {[%emt 0:00:04]} Rxf6 {[%emt 0:00:00]} 27. Nh4 {[%emt 0:00:01]} Rd8 {[%emt 0:00:03]} 28. Be3 {[%emt 0:00:01]} Qd6 {[%emt 0:00:03]} 29. Re1 {[%emt 0:00:01]} Qxe6 {[%emt 0:00:01]} 30. Qxe6 {[%emt 0:00:01]} Rxe6 {[%emt 0:00:00]} 31. Nf3 {[%emt 0:00:01]} Rd3 {[%emt 0:00:02]} 32. Kf2 {[%emt 0:00:01]} Rdxe3 {[%emt 0:00:04]} 33. Rxe3 {[%emt 0:00:02]} Rxe3 {[%emt 0:00:02]} 34. Kxe3 {[%emt 0:00:00]} Bxb2 {[%emt 0:00:00]} 35. Nd2 {[%emt 0:00:01]} c3 {[%emt 0:00:00]} 36. Nb3 {[%emt 0:00:02]} c2 {[%emt 0:00:00]} 37. Kd3 {[%emt 0:00:03]} c1=Q {[%emt 0:00:00]} 38. Nxc1 {[%emt 0:00:00]} Bxc1 {[%emt 0:00:00]} 39. h4 {[%emt 0:00:00]} Bf4 {[%emt 0:00:00]} 40. Ke4 {[%emt 0:00:01]} g5 {[%emt 0:00:00]} 41. h5 {[%emt 0:00:01]} Kg7 {[%emt 0:00:01]} 42. Kd5 {[%emt 0:00:01]} c4 {[%emt 0:00:00]} 43. Kxc4 {[%emt 0:00:01]} Kf7 {[%emt 0:00:00]} 44. Kd5 {[%emt 0:00:01]} e6+ {[%emt 0:00:01]} 45. Ke4 {[%emt 0:00:01]} Ke7 {[%emt 0:00:00]} 46. a4 {[%emt 0:00:00]} Kd7 {[%emt 0:00:00]} 47. Kd4 {[%emt 0:00:00]} Kc7 {[%emt 0:00:00]} 48. Kc4 {[%emt 0:00:00]} Kb6 {[%emt 0:00:00]} 49. Kb4 {[%emt 0:00:00]} a5+ {[%emt 0:00:00]} 50. Kc4 {[%emt 0:00:01]} e5 {[%emt 0:00:00]} 51. Kd5 {[%emt 0:00:01]} Ka6 {[%emt 0:00:00]} 52. Kc5 {[%emt 0:00:01]} e4 {[%emt 0:00:01]} 53. Kd4 {[%emt 0:00:01]} e3 {[%emt 0:00:00]} 54. Kd3 {[%emt 0:00:00]} Kb6 {[%emt 0:00:00]} 55. Ke2 {[%emt 0:00:00]} Kc5 {[%emt 0:00:00]} 56. Kd3 {[%emt 0:00:00]} Kb4 {[%emt 0:00:00]} 57. Ke4 {[%emt 0:00:00]} Kxa4 {[%emt 0:00:00]} 58. Kd3 {[%emt 0:00:01]} Kb3 {[%emt 0:00:00]} 59. Ke2 {[%emt 0:00:01]} a4 {[%emt 0:00:00]} 60. Kf3 {[%emt 0:00:00]} a3 {[%emt 0:00:00]} 61. Ke4 {[%emt 0:00:00]} a2 {[%emt 0:00:00]} 62. Kf5 {[%emt 0:00:00]} a1=Q {[%emt 0:00:00]} 63. Kg6 {[%emt 0:00:00]} Qc3 {[%emt 0:00:00]} 64. Kxh6 {[%emt 0:00:00]} e2 {[%emt 0:00:00]} 65. Kg6 {[%emt 0:00:00]} e1=Q {[%emt 0:00:00]} 66. h6 {[%emt 0:00:00]} Qe6+ {[%emt 0:00:00]} 67. Kh5 {[%emt 0:00:01]} Qc7 {[%emt 0:00:00]} 68. h7 {[%emt 0:00:01]} Qcf7# {[%emt 0:00:00] (Lag: Av=0.78s, max=1.6s)} 0-1

[Event "Stay Safe Play From Home 347"]
[Site "Emanuel Lasker Arena"]
[Date "2020.07.31"]
[Round "6"]
[White "Padmaesh M K"]
[Black "Little champs"]
[Result "1-0"]
[WhiteElo "1854"]
[BlackElo "2148"]
[PlyCount "41"]
[EventDate "2020.07.31"]
[EventType "swiss (blitz)"]

1. Nf3 {[%emt 0:00:02]} d5 {[%emt 0:00:01]} 2. d4 {[%emt 0:00:00]} c6 {[%emt 0:00:01]} 3. Bf4 {[%emt 0:00:01]} Nf6 {[%emt 0:00:00]} 4. e3 {[%emt 0:00:01]} g6 {[%emt 0:00:00]} 5. Bd3 {[%emt 0:00:01]} Bg7 {[%emt 0:00:00]} 6. Nbd2 {[%emt 0:00:03]} O-O {[%emt 0:00:00]} 7. h4 {[%emt 0:00:00]} a6 {[%emt 0:00:00]} 8. h5 {[%emt 0:00:02]} Bg4 {[%emt 0:00:01]} 9. hxg6 {[%emt 0:00:03]} fxg6 {[%emt 0:00:00]} 10. c3 {[%emt 0:00:01]} Nbd7 {[%emt 0:00:03]} 11. Qc2 {[%emt 0:00:01]} Qe8 {[%emt 0:00:03]} 12. Ne5 {[%emt 0:00:04]} Be6 {[%emt 0:00:02]} 13. Nxg6 {[%emt 0:00:03]} hxg6 {[%emt 0:00:02]} 14. Bxg6 {[%emt 0:00:00]} Bf7 {[%emt 0:00:00]} 15. Bh7+ {[%emt 0:00:02]} Kh8 {[%emt 0:00:03]} 16. Nf3 {[%emt 0:00:16]} Ne4 {[%emt 0:00:03]} 17. Bxe4+ {[%emt 0:00:02]} Kg8 {[%emt 0:00:01]} 18. Bh7+ {[%emt 0:00:02]} Kh8 {[%emt 0:00:01]} 19. Bg8+ {[%emt 0:00:02]} Bh6 {[%emt 0:00:11]} 20. Rxh6+ {[%emt 0:00:02]} Kg7 {[%emt 0:00:02]} 21. Qh7# {[%emt 0:00:00] (Lag: Av=0.63s, max=0.9s)} 1-0

[Event "Stay Safe Play From Home 347"]
[Site "Emanuel Lasker Arena"]
[Date "2020.07.31"]
[Round "6"]
[White "Buzaglo"]
[Black "Hickey"]
[Result "0-1"]
[WhiteElo "1828"]
[BlackElo "2061"]
[PlyCount "78"]
[EventDate "2020.07.31"]
[EventType "swiss (blitz)"]

1. d4 {[%emt 0:00:01]} Nf6 {[%emt 0:00:02]} 2. Nf3 {[%emt 0:00:00]} e6 {[%emt 0:00:00]} 3. g3 {[%emt 0:00:00]} Be7 {[%emt 0:00:00]} 4. Bg2 {[%emt 0:00:00]} O-O {[%emt 0:00:00]} 5. O-O {[%emt 0:00:00]} c5 {[%emt 0:00:00]} 6. c4 {[%emt 0:00:00]} cxd4 {[%emt 0:00:00]} 7. Nxd4 {[%emt 0:00:01]} Nc6 {[%emt 0:00:00]} 8. Nf3 {[%emt 0:00:00]} b6 {[%emt 0:00:01]} 9. Nc3 {[%emt 0:00:00]} Bb7 {[%emt 0:00:00]} 10. Bf4 {[%emt 0:00:01]} d6 {[%emt 0:00:01]} 11. Rc1 {[%emt 0:00:01]} a6 {[%emt 0:00:00]} 12. Nd2 {[%emt 0:00:03]} Rc8 {[%emt 0:00:00]} 13. b3 {[%emt 0:00:02]} Qc7 {[%emt 0:00:00]} 14. Nde4 {[%emt 0:00:02]} Nxe4 {[%emt 0:00:02]} 15. Bxe4 {[%emt 0:00:00]} Rfd8 {[%emt 0:00:00]} 16. Qc2 {[%emt 0:00:01]} g6 {[%emt 0:00:01]} 17. h4 {[%emt 0:00:01]} Ne5 {[%emt 0:00:01]} 18. Bxb7 {[%emt 0:00:01]} Qxb7 {[%emt 0:00:00]} 19. Bh6 {[%emt 0:00:02]} f5 {[%emt 0:00:03]} 20. f3 {[%emt 0:00:03]} Nc6 {[%emt 0:00:00]} 21. Rcd1 {[%emt 0:00:03]} b5 {[%emt 0:00:01]} 22. Qd2 {[%emt 0:00:05]} bxc4 {[%emt 0:00:02]} 23. bxc4 {[%emt 0:00:00]} Ne5 {[%emt 0:00:00]} 24. Bg5 {[%emt 0:00:03]} Bxg5 {[%emt 0:00:03]} 25. Qxg5 {[%emt 0:00:00]} Nxc4 {[%emt 0:00:00]} 26. Qf6 {[%emt 0:00:01]} Qf7 {[%emt 0:00:01]} 27. Qd4 {[%emt 0:00:02]} d5 {[%emt 0:00:02]} 28. Na4 {[%emt 0:00:02]} Qg7 {[%emt 0:00:01]} 29. Qd3 {[%emt 0:00:04]} Qe5 {[%emt 0:00:02]} 30. Nc3 {[%emt 0:00:02]} Qxg3+ {[%emt 0:00:02]} 31. Kh1 {[%emt 0:00:01]} Qxh4+ {[%emt 0:00:01]} 32. Kg2 {[%emt 0:00:00]} Qg5+ {[%emt 0:00:02]} 33. Kf2 {[%emt 0:00:00]} f4 {[%emt 0:00:02]} 34. Rg1 {[%emt 0:00:01]} Qe5 {[%emt 0:00:01]} 35. Rg2 {[%emt 0:00:03]} Ne3 {[%emt 0:00:01]} 36. Nb1 {[%emt 0:00:04]} Nxd1+ {[%emt 0:00:01]} 37. Qxd1 {[%emt 0:00:02]} Qe3+ {[%emt 0:00:01]} 38. Kf1 {[%emt 0:00:01]} Rc1 {[%emt 0:00:00]} 39. Nd2 {[%emt 0:00:01]} Rxd1# {[%emt 0:00:01] (Lag: Av=0.67s, max=1.0s)} 0-1

[Event "Stay Safe Play From Home 347"]
[Site "Emanuel Lasker Arena"]
[Date "2020.07.31"]
[Round "6"]
[White "Gibiz144"]
[Black "Klasman"]
[Result "1-0"]
[WhiteElo "1633"]
[BlackElo "1309"]
[Annotator "NA"]
[PlyCount "57"]
[EventDate "2020.07.31"]
[EventType "swiss (blitz)"]

1. d4 {[%emt 0:00:01]} f5 {[%emt 0:00:01]} 2. Bg5 {[%emt 0:00:01]} h6 {[%emt 0:00:02]} 3. Bf4 {[%emt 0:00:01]} g5 {[%emt 0:00:02]} 4. Be5 {[%emt 0:00:01]} Nf6 {[%emt 0:00:01]} 5. Bxf6 {[%emt 0:00:01]} exf6 {[%emt 0:00:01]} 6. e3 {[%emt 0:00:01]} Qe7 {[%emt 0:00:03]} 7. Qh5+ {[%emt 0:00:01]} Qf7 {[%emt 0:00:01]} 8. Qf3 {[%emt 0:00:01]} c5 {[%emt 0:00:04]} 9. dxc5 {[%emt 0:00:02]} Bxc5 {[%emt 0:00:02]} 10. c3 {[%emt 0:00:01]} Nc6 {[%emt 0:00:01]} 11. Bd3 {[%emt 0:00:01]} d5 {[%emt 0:00:03]} 12. Bxf5 {[%emt 0:00:01]} Ne5 {[%emt 0:00:06]} 13. Qh3 {[%emt 0:00:04]} Bxf5 {[%emt 0:00:06]} 14. Qxf5 {[%emt 0:00:02]} O-O {[%emt 0:00:06]} 15. Nf3 {[%emt 0:00:01]} g4 {[%emt 0:00:02]} 16. Nxe5 {[%emt 0:00:02]} fxe5 {[%emt 0:00:02]} 17. Qxg4+ {[%emt 0:00:02]} Kh8 {[%emt 0:00:03]} 18. Qg3 {[%emt 0:00:01]} d4 {[%emt 0:00:02]} 19. Qxe5+ {[%emt 0:00:03]} Qf6 {[%emt 0:00:03]} 20. Qxf6+ {[%emt 0:00:02]} Rxf6 {[%emt 0:00:01]} 21. cxd4 {[%emt 0:00:01]} Bb4+ {[%emt 0:00:01]} 22. Nc3 {[%emt 0:00:01]} Rc8 {[%emt 0:00:01]} 23. O-O {[%emt 0:00:01]} Bxc3 {[%emt 0:00:01]} 24. bxc3 {[%emt 0:00:01]} Rxc3 {[%emt 0:00:01]} 25. Rfb1 {[%emt 0:00:01]} b6 {[%emt 0:00:01]} 26. Rb2 {[%emt 0:00:02]} Rfc6 {[%emt 0:00:01]} 27. g3 {[%emt 0:00:02]} Rc2 {[%emt 0:00:01]} 28. Rxc2 {[%emt 0:00:02]} Rxc2 {[%emt 0:00:01]} 29. a4 {[%emt 0:00:01] Time (Lag: Av=0.48s, max=1.0s)} 1-0

[Event "Stay Safe Play From Home 347"]
[Site "Emanuel Lasker Arena"]
[Date "2020.07.31"]
[Round "6"]
[White "Justwatch"]
[Black "Edmatuag"]
[Result "1-0"]
[WhiteElo "1594"]
[BlackElo "1704"]
[Annotator "NA"]
[PlyCount "77"]
[EventDate "2020.07.31"]
[EventType "swiss (blitz)"]

1. e4 {[%emt 0:00:01]} d6 {[%emt 0:00:00]} 2. e5 {[%emt 0:00:01]} c6 {[%emt 0:00:00]} 3. exd6 {[%emt 0:00:00]} exd6 {[%emt 0:00:02]} 4. Nf3 {[%emt 0:00:00]} Be6 {[%emt 0:00:01]} 5. Bd3 {[%emt 0:00:02]} Nd7 {[%emt 0:00:01]} 6. Be4 {[%emt 0:00:01]} Ne5 {[%emt 0:00:00]} 7. Bd3 {[%emt 0:00:00]} Nxd3+ {[%emt 0:00:01]} 8. cxd3 {[%emt 0:00:01]} Be7 {[%emt 0:00:00]} 9. Nc3 {[%emt 0:00:00]} Nf6 {[%emt 0:00:01]} 10. Qe2 {[%emt 0:00:00]} O-O {[%emt 0:00:01]} 11. O-O {[%emt 0:00:00]} h6 {[%emt 0:00:01]} 12. b3 {[%emt 0:00:00]} Qd7 {[%emt 0:00:02]} 13. Bb2 {[%emt 0:00:00]} d5 {[%emt 0:00:01]} 14. h3 {[%emt 0:00:00]} Bc5 {[%emt 0:00:02]} 15. Qe5 {[%emt 0:00:01]} Bd6 {[%emt 0:00:01]} 16. Qd4 {[%emt 0:00:03]} Rae8 {[%emt 0:00:01]} 17. Ne5 {[%emt 0:00:02]} Bxe5 {[%emt 0:00:03]} 18. Qxe5 {[%emt 0:00:00]} Bxh3 {[%emt 0:00:01]} 19. Qh2 {[%emt 0:00:01]} Bf5 {[%emt 0:00:01]} 20. d4 {[%emt 0:00:02]} Ng4 {[%emt 0:00:01]} 21. Qg3 {[%emt 0:00:01]} Qe6 {[%emt 0:00:02]} 22. Ba3 {[%emt 0:00:02]} Qg6 {[%emt 0:00:02]} 23. Bxf8 {[%emt 0:00:04]} Rxf8 {[%emt 0:00:00]} 24. Rae1 {[%emt 0:00:02]} Be6 {[%emt 0:00:02]} 25. f3 {[%emt 0:00:01]} Nf6 {[%emt 0:00:04]} 26. Qxg6 {[%emt 0:00:00]} fxg6 {[%emt 0:00:00]} 27. Rxe6 {[%emt 0:00:01]} Nh5 {[%emt 0:00:02]} 28. Kf2 {[%emt 0:00:02]} Nf4 {[%emt 0:00:01]} 29. Re7 {[%emt 0:00:02]} Kh7 {[%emt 0:00:06]} 30. Rxb7 {[%emt 0:00:02]} g5 {[%emt 0:00:00]} 31. Re1 {[%emt 0:00:01]} g4 {[%emt 0:00:01]} 32. Ree7 {[%emt 0:00:02]} Nh5 {[%emt 0:00:02]} 33. Ne2 {[%emt 0:00:05]} gxf3 {[%emt 0:00:02]} 34. gxf3 {[%emt 0:00:00]} Kg6 {[%emt 0:00:01]} 35. Ng3 {[%emt 0:00:01]} Nxg3 {[%emt 0:00:02]} 36. Kxg3 {[%emt 0:00:00]} Kf5 {[%emt 0:00:01]} 37. Rf7+ {[%emt 0:00:02]} Rxf7 {[%emt 0:00:01]} 38. Rxf7+ {[%emt 0:00:00]} Kg6 {[%emt 0:00:00]} 39. Rxa7 {[%emt 0:00:01] Edmatuag resigns (Lag: Av=0.54s, max=1.1s)} 1-0

[Event "Stay Safe Play From Home 347"]
[Site "Emanuel Lasker Arena"]
[Date "2020.07.31"]
[Round "7"]
[White "NTBT_DHS"]
[Black "Padmaesh M K"]
[Result "1-0"]
[WhiteElo "2611"]
[BlackElo "1883"]
[Annotator "TA"]
[PlyCount "51"]
[EventDate "2020.07.31"]
[EventType "swiss (blitz)"]

{[%evp 13,51,33,50,32,64,75,98,94,110,102,103,-84,-64,-166,18,14,16,0,5,-10,44,38,128,51,472,327,5406,5402,5402,5402,29975,29976,29993,29994,29995,29995,29995,29996,29997,690]} 1. d4 Nf6 2. Nc3 d5 3. Bg5 e6 4. e4 Be7 5. e5 Ne4 6. Bxe7 Qxe7 7. Nxe4 dxe4 8. c3 {C14: French: Classical System: 4 Bg5 Be7 main line.} c5 9. Qg4 O-O 10. Qxe4 {White is better.} cxd4 11. Bd3 {[%csl Gd3][%cal Re4h7] [#]} g6 {[#]} 12. h4 $146 (12. Qxd4 $16 Bd7 13. Nf3) ({Predecessor:} 12. Qxd4 Nc6 13. Qe3 Kg7 14. Nf3 Bd7 15. O-O b6 16. Rad1 f6 17. exf6+ Rxf6 18. Rd2 {1-0 (24) Fiol Company,J (1935)-Rodriguez Bennassar,M (1452) Palma de Mallorca 2013}) 12... dxc3 $17 13. h5 (13. bxc3 $15 Bd7 14. Qxb7) 13... f5 $2 (13... cxb2 $19 14. Rb1 Nd7 15. Rxb2 Nc5) 14. exf6 $1 $11 Qxf6 15. Nf3 {[%cal Rh5g6]} cxb2 16. Rb1 {[%cal Rh5g6]} Bd7 (16... Na6 $1 $11 17. hxg6 Nc5 18. gxh7+ Kh8) 17. hxg6 {[#] g7 is the strong threat.} hxg6 (17... Bc6 $1 $14 18. Qh4 Qxh4 19. Rxh4 (19. gxh7+ Qxh7 20. Bxh7+ Kg7 $11) 19... Nd7) 18. Rh6 ({Don't take} 18. Qxg6+ $6 Qxg6 19. Bxg6 Bc6 $14) (18. Qxb7 $16 Rd8 19. Qxb2 (19. Qxa8 Qc3+ 20. Nd2 Nc6 $11) 19... Qxb2 20. Rxb2) 18... Kf7 $2 {[%mdl 8192] This costs Black the game.} ({Better is} 18... Be8 $1 $14) 19. Rxg6 Qxg6 $2 (19... Qc3+ 20. Ke2 Ke8 21. Qxb7 {[%mdl 64] Double Attack} Nc6 22. Qxb2 Qxb2+ 23. Rxb2 Ke7 24. Rg7+ Rf7 25. Rxf7+ Kxf7) 20. Qxg6+ $18 Ke7 21. Rxb2 Bc6 22. Ne5 {White mates.} Bxg2 23. Qg7+ Kd6 24. Qxf8+ Kxe5 25. Rb5+ Kd4 26. Qc5+ {Accuracy: White = 52%, Black = 29%.} (26. Qf4+ $142 Kxd3 27. Rb3+ Kc2 28. Qd2#) 1-0